Statistics for California Cities Map Quiz

Click here to take the quiz!

General Stats

  • This quiz has been taken 50,556 times
  • The average score is 8 of 13

Answer Stats

Answer % Correct
San Francisco
85%
San Diego
84%
Los Angeles
82%
Sacramento
64%
San Jose
63%
South Lake Tahoe
61%
Santa Barbara
51%
Palm Springs
50%
Fresno
48%
Eureka
48%
Monterey
44%
Bakersfield
41%
Redding
37%

Score Distribution

Percentile by Number Answered

Percent of People with Each Score

Your Score History

You have not taken this quiz